<?xml version="1.0" encoding="UTF-8"?>
<resp>
  <nextPage>https://data.bn.org.pl/api/networks/bibs.marcxml?marc=001+b00001150002081&amp;sinceId=1150002082</nextPage>
  <collection>
    <record xmlns='http://www.loc.gov/MARC21/slim'><leader>00965namZa2200313ZiZ4500</leader><controlfield tag='001'>b00001150002081</controlfield><controlfield tag='005'>20251018080151.5</controlfield><controlfield tag='008'>230609s        pl           |000 0 pol c</controlfield><controlfield tag='009'>9913261260005606</controlfield><datafield ind1=' ' ind2=' ' tag='020'><subfield code='a'>8370701345</subfield></datafield><datafield ind1=' ' ind2=' ' tag='035'><subfield code='a'>KR_1KR_1_20120317230247097840-48omnis_kr</subfield></datafield><datafield ind1=' ' ind2=' ' tag='035'><subfield code='a'>KR_1_20120317230247097840</subfield><subfield code='9'>ExL</subfield></datafield><datafield ind1=' ' ind2=' ' tag='035'><subfield code='a'>(PL)b00001150002081</subfield></datafield><datafield ind1=' ' ind2=' ' tag='040'><subfield code='a'>KR_1</subfield><subfield code='c'>KR_1</subfield></datafield><datafield ind1='1' ind2=' ' tag='041'><subfield code='a'>pol</subfield><subfield code='h'>eng</subfield></datafield><datafield ind1='1' ind2=' ' tag='100'><subfield code='a'>Browning, Dixie</subfield></datafield><datafield ind1='1' ind2='0' tag='245'><subfield code='a'>Obdarowany /</subfield><subfield code='c'>Dixie Browning ; [tł. Wanda Jaworska].</subfield></datafield><datafield ind1=' ' ind2=' ' tag='260'><subfield code='a'>Toronto ;</subfield><subfield code='a'>Warszawa :</subfield><subfield code='b'>&quot;Arlekin&quot; - Wydaw. Harlequin Enterprises,</subfield><subfield code='c'>2000.</subfield></datafield><datafield ind1=' ' ind2=' ' tag='300'><subfield code='a'>156 s. ;</subfield><subfield code='c'>18 cm.</subfield></datafield><datafield ind1='1' ind2=' ' tag='490'><subfield code='a'>Harlequin Desire ;</subfield><subfield code='v'>49</subfield></datafield><datafield ind1=' ' ind2=' ' tag='500'><subfield code='a'>p</subfield></datafield><datafield ind1=' ' ind2='9' tag='650'><subfield code='a'>Powieść amerykańska</subfield><subfield code='y'>20 w.</subfield></datafield><datafield ind1='1' ind2=' ' tag='700'><subfield code='a'>Jaworska, Wanda</subfield><subfield code='e'>Tł.</subfield></datafield><datafield ind1=' ' ind2=' ' tag='852'><subfield code='b'>48OMNIS_NETWORK</subfield><subfield code='8'>9913261260005606</subfield></datafield><datafield ind1=' ' ind2=' ' tag='852'><subfield code='b'>48OMNIS_KR</subfield><subfield code='8'>991000020809708216</subfield></datafield><datafield ind1=' ' ind2=' ' tag='920'><subfield code='a'>83-7070-134-5</subfield></datafield></record>
  </collection>
</resp>
